000 00312nam a2200133Ia 4500
008 240624s9999 xx 000 0 und d
041 _aeng
082 _a200 PAT
100 _aPATTANAIK DEVDUTT
245 _a7 SECRETS OF VISHNU
260 _c2011
_aNew Delhi
_bWestland
300 _a232 : p.
365 _cRS
_b25
999 _c18240
_d18240